| Tag |
First Indicator |
Second Indicator |
Subfields |
| LEADER |
00000cam a2200000 a 4500 |
| 001 |
in00000019008 |
| 005 |
20151007054131.0 |
| 008 |
870807s1988 mau b 00110 eng |
| 010 |
|
|
|a 87022555
|
| 020 |
|
|
|a 0316160946 :
|c $17.95
|
| 035 |
|
|
|a (OCoLC)16523407
|
| 035 |
|
|
|9 AAB4091AM
|
| 040 |
|
|
|a DLC
|c DLC
|d TXA
|d UtOrBLW
|
| 043 |
|
|
|a n-us---
|
| 049 |
|
|
|a TXAM
|c [A11502185]
|
| 050 |
0 |
0 |
|a HQ72.U53
|b C74 1988
|
| 082 |
0 |
|
|a 362.7/044
|2 19
|
| 100 |
1 |
|
|a Crewdson, John,
|d 1945-
|
| 245 |
1 |
0 |
|a By silence betrayed :
|b sexual abuse of children in America /
|c John Crewdson.
|
| 250 |
|
|
|a 1st ed.
|
| 264 |
|
1 |
|a Boston :
|b Little, Brown,
|c [1988]
|
| 264 |
|
4 |
|c ©1988
|
| 300 |
|
|
|a xi, 267 pages ;
|c 25 cm.
|
| 336 |
|
|
|a text
|b txt
|2 rdacontent
|
| 337 |
|
|
|a unmediated
|b n
|2 rdamedia
|
| 338 |
|
|
|a volume
|b nc
|2 rdacarrier
|
| 504 |
|
|
|a Bibliography: pages 253-260.
|
| 500 |
|
|
|a Includes index.
|
| 650 |
|
0 |
|a Child sexual abuse
|z United States.
|
| 650 |
|
0 |
|a Sexually abused children
|z United States.
|
| 999 |
|
|
|a MARS
|
| 999 |
f |
f |
|s 57914c41-a44b-3495-b685-b46821fac237
|i 78477b39-e124-3c64-8bfe-3cc3551f85e1
|t 0
|
| 952 |
f |
f |
|p ric
|a Texas A&M University
|b Rellis Campus
|c Joint Library Facility
|s JLF
|d Remote Storage
|t 0
|e HQ72.U53 C74 1988
|h Library of Congress classification
|i unmediated -- volume
|m A14811502185
|
| 998 |
f |
f |
|a HQ72.U53 C74 1988
|t 0
|l Remote Storage
|